00389 a2200157 450000100060000002000180000604100080002410000210003225000100005349000260006383000260008985600240011504000250013924500300016426000370019460957 a9788576356714 apor aParreiras, Ninfa a. ed. aIntrépidas leituras aIntrépidas leituras u00000e/00000e36.jpg aBR-BrIDEAcBR-BrIDEA10aCom fioc Ninfa Parreiras a[S.l.]bLarousse do Brasilc2009